000 00264nam a2200097Ia 4500
001 1101440
005 20250827003300.0
008 250824s9999 xx 000 0 und d
245 0 _aBÖYLE ŞEYLER FİLMLERDE OLUR
_cİSMAİL KILIÇARSLAN
260 _bKETEBE YAYINLARI
999 _c1101440
_d1101440